[Event "Королевский Гамбит. Южный Федеральный округ."]
[Date "2025-11-21"]
[Round "1.11"]
[Board "11"]
[White "Шубин Денис"]
[WhiteElo "1000"]
[Black "Алексей Ахатов"]
[BlackElo "1000"]
[WebSite "https://www.chessopen.ru"]
[GameId "e7da5c7a-7461-478d-8707-96be724997b0"]
[Result "1-0"]

1. e4 { [%clk 0:09:56] } e5 { [%clk 0:09:59] } 2. Nf3 { [%clk 0:09:48] } Nf6 {
[%clk 0:10:00] } 3. Bc4 { [%clk 0:09:41] } d5 { [%clk 0:09:55] } 4. Bb3 { [%clk
0:09:30] } dxe4 { [%clk 0:09:46] } 5. Ng5 { [%clk 0:09:16] } Qd7 { [%clk
0:09:22] } 6. O-O { [%clk 0:09:19] } h6 { [%clk 0:09:19] } 7. Nxf7 { [%clk
0:08:51] } Rh7 { [%clk 0:09:12] } 8. Nc3 { [%clk 0:08:26] } Bc5 { [%clk
0:09:00] } 9. d3 { [%clk 0:08:21] } exd3 { [%clk 0:08:57] } 10. cxd3 { [%clk
0:08:08] } Nc6 { [%clk 0:08:25] } 11. Be3 { [%clk 0:07:55] } b6 { [%clk
0:08:20] } 12. Bxc5 { [%clk 0:07:40] } bxc5 { [%clk 0:08:20] } 13. Qe1 { [%clk
0:07:36] } h5 { [%clk 0:08:11] } 14. f4 { [%clk 0:07:22] } Qd4+ { [%clk
0:07:43] } 15. Kh1 { [%clk 0:07:11] } Ng4 { [%clk 0:07:36] } 16. Nxe5 { [%clk
0:07:02] } Ncxe5 { [%clk 0:07:27] } 17. Ne4 { [%clk 0:06:37] } Qxd3 { [%clk
0:07:08] } 18. fxe5 { [%clk 0:06:15] } Nxe5 { [%clk 0:07:06] } 19. Rd1 { [%clk
0:05:50] } Qc2 { [%clk 0:06:40] } 20. Bf7+ { [%clk 0:05:50] } Ke7 { [%clk
0:06:28] } 21. Rf2 { [%clk 0:05:26] } Qc4 { [%clk 0:06:10] } 22. Bxc4 { [%clk
0:05:25] } Nxc4 { [%clk 0:06:04] } 23. Nxc5+ { [%clk 0:05:12] } Ne5 { [%clk
0:05:38] } 24. Qxe5+ { [%clk 0:05:08] } Be6 { [%clk 0:05:36] } 25. Qxe6# {
[%clk 0:05:08] } 1-0

[Event "Королевский Гамбит. Южный Федеральный округ."]
[Date "2025-11-21"]
[Round "1.12"]
[Board "12"]
[White "Брига Арина"]
[WhiteElo "1000"]
[Black "Кукса Ирина"]
[BlackElo "1010"]
[WebSite "https://www.chessopen.ru"]
[GameId "9a76ea87-96e8-4a23-afa3-50d93375b040"]
[Result "0-1"]

1. c4 { [%clk 0:09:57] } c5 { [%clk 0:10:00] } 2. e3 { [%clk 0:09:58] } e6 {
[%clk 0:10:01] } 3. Nc3 { [%clk 0:09:58] } Nc6 { [%clk 0:10:02] } 4. Nf3 {
[%clk 0:09:58] } Nf6 { [%clk 0:10:02] } 5. d4 { [%clk 0:09:57] } cxd4 { [%clk
0:10:02] } 6. exd4 { [%clk 0:09:57] } d5 { [%clk 0:10:02] } 7. cxd5 { [%clk
0:09:56] } Nxd5 { [%clk 0:10:03] } 8. Bb5 { [%clk 0:09:38] } a6 { [%clk
0:09:50] } 9. Bxc6+ { [%clk 0:09:38] } bxc6 { [%clk 0:09:52] } 10. Nxd5 { [%clk
0:09:31] } cxd5 { [%clk 0:09:50] } 11. O-O { [%clk 0:09:16] } Bd6 { [%clk
0:09:51] } 12. g3 { [%clk 0:09:10] } O-O { [%clk 0:09:50] } 13. Ng5 { [%clk
0:09:00] } h6 { [%clk 0:09:48] } 14. Nf3 { [%clk 0:08:45] } Bb7 { [%clk
0:09:44] } 15. Be3 { [%clk 0:08:22] } Qf6 { [%clk 0:09:01] } 16. Nh4 { [%clk
0:07:44] } e5 { [%clk 0:08:35] } 17. Qh5 { [%clk 0:07:11] } exd4 { [%clk
0:07:50] } 18. Bd2 { [%clk 0:06:50] } Rfe8 { [%clk 0:07:30] } 19. Rae1 { [%clk
0:06:24] } Bc6 { [%clk 0:05:43] } 20. Nf5 { [%clk 0:06:11] } Be5 { [%clk
0:04:47] } 21. b3 { [%clk 0:05:42] } Bb5 { [%clk 0:04:25] } 22. Bxh6 { [%clk
0:04:39] } gxh6 { [%clk 0:04:09] } 23. Nxh6+ { [%clk 0:04:36] } Kg7 { [%clk
0:03:46] } 24. Nf5+ { [%clk 0:04:32] } Kg8 { [%clk 0:03:38] } 25. f4 { [%clk
0:04:19] } Bxf1 { [%clk 0:03:25] } 26. fxe5 { [%clk 0:04:16] } Qg6 { [%clk
0:02:43] } 27. Nh6+ { [%clk 0:03:57] } Kf8 { [%clk 0:02:20] } 28. Qh4 { [%clk
0:03:45] } Bd3 { [%clk 0:01:58] } 29. Ng4 { [%clk 0:03:20] } Bf5 { [%clk
0:01:27] } 30. Nf6 { [%clk 0:02:57] } Red8 { [%clk 0:01:05] } 31. Qxd4 { [%clk
0:02:18] } Be4 { [%clk 0:00:40] } 32. Qc5+ { [%clk 0:02:05] } Kg7 { [%clk
0:00:32] } 33. Rf1 { [%clk 0:01:46] } Rac8 { [%clk 0:00:30] } 34. Qf2 { [%clk
0:01:33] } Rc2 { [%clk 0:00:25] } 35. Nh5+ { [%clk 0:00:57] } Kf8 { [%clk
0:00:18] } 36. Qxf7+ { [%clk 0:00:26] } Qxf7 { [%clk 0:00:17] } 37. Rxf7+ {
[%clk 0:00:23] } Kxf7 { [%clk 0:00:19] } 38. Nf4 { [%clk 0:00:19] } Rdc8 {
[%clk 0:00:19] } 39. Nxd5 { [%clk 0:00:17] } Bxd5 { [%clk 0:00:19] } 40. a4 {
[%clk 0:00:11] } Ra2 { [%clk 0:00:20] } 41. h4 { [%clk 0:00:12] } Rc1# { [%clk
0:00:21] } 0-1

[Event "Королевский Гамбит. Южный Федеральный округ."]
[Date "2025-11-21"]
[Round "1.12"]
[Board "12"]
[White "Гринь Мария"]
[WhiteElo "1000"]
[Black "Тимошевская Анна"]
[BlackElo "1000"]
[WebSite "https://www.chessopen.ru"]
[GameId "314880c6-c59e-406f-9087-8ba3fa5b0c09"]
[Result "1-0"]

1. d4 { [%clk 0:09:57] } d5 { [%clk 0:06:14] } 2. e3 { [%clk 0:08:55] } g5 {
[%clk 0:06:01] } 3. g3 { [%clk 0:08:43] } f6 { [%clk 0:05:55] } 4. Bg2 { [%clk
0:08:39] } Na6 { [%clk 0:05:43] } 5. Nc3 { [%clk 0:08:27] } Be6 { [%clk
0:05:43] } 6. Nge2 { [%clk 0:08:15] } c6 { [%clk 0:05:42] } 7. O-O { [%clk
0:08:12] } Bh6 { [%clk 0:05:35] } 8. b3 { [%clk 0:07:49] } b5 { [%clk 0:05:36]
} 9. Ba3 { [%clk 0:07:35] } f5 { [%clk 0:05:16] } 10. Nb1 { [%clk 0:06:36] }
Nf6 { [%clk 0:05:04] } 11. c4 { [%clk 0:06:34] } bxc4 { [%clk 0:04:52] } 12.
bxc4 { [%clk 0:06:33] } dxc4 { [%clk 0:04:38] } 13. Bxc6+ { [%clk 0:06:16] }
Kf7 { [%clk 0:04:20] } 14. Bxa8 { [%clk 0:06:16] } Nc7 { [%clk 0:04:08] } 15.
Bg2 { [%clk 0:05:59] } Kg8 { [%clk 0:03:41] } 16. Nd2 { [%clk 0:05:40] } Nb5 {
[%clk 0:03:38] } 17. Qa4 { [%clk 0:05:04] } Nxa3 { [%clk 0:03:41] } 18. Qxa3 {
[%clk 0:04:59] } g4 { [%clk 0:03:18] } 19. Qxa7 { [%clk 0:04:36] } Ne8 { [%clk
0:02:59] } 20. Qa6 { [%clk 0:03:49] } Nc7 { [%clk 0:02:52] } 21. Qc6 { [%clk
0:02:49] } Na6 { [%clk 0:02:55] } 22. Qxa6 { [%clk 0:02:40] } c3 { [%clk
0:02:32] } 23. Nxc3 { [%clk 0:02:34] } Bg5 { [%clk 0:01:39] } 24. Qxe6+ { [%clk
0:02:23] } Kg7 { [%clk 0:01:27] } 25. Qe5+ { [%clk 0:02:08] } Kh6 { [%clk
0:01:25] } 26. Nd5 { [%clk 0:01:43] } Qa5 { [%clk 0:00:43] } 27. Rfd1 { [%clk
0:01:29] } Rc8 { [%clk 0:00:26] } 28. h4 { [%clk 0:01:08] } Rc2 { [%clk
0:00:19] } 29. hxg5+ { [%clk 0:00:49] } 1-0

[Event "Королевский Гамбит. Южный Федеральный округ."]
[Date "2025-11-21"]
[Round "1.12"]
[Board "12"]
[White "Замшина Арина"]
[WhiteElo "1000"]
[Black "Воронина Полина"]
[BlackElo "1000"]
[WebSite "https://www.chessopen.ru"]
[GameId "3b13b1e0-fdcd-41d3-aa8c-145f1d86aa0c"]
[Result "1-0"]

1. e4 { [%clk 0:09:58] } e6 { [%clk 0:10:01] } 2. d4 { [%clk 0:09:50] } c6 {
[%clk 0:10:01] } 3. Qh5 { [%clk 0:09:21] } a5 { [%clk 0:09:57] } 4. Ne2 { [%clk
0:09:22] } b5 { [%clk 0:09:43] } 5. Nf4 { [%clk 0:09:03] } Ne7 { [%clk 0:09:39]
} 6. Be2 { [%clk 0:08:50] } g5 { [%clk 0:09:33] } 7. Qxg5 { [%clk 0:08:27] } d5
{ [%clk 0:09:32] } 8. exd5 { [%clk 0:08:16] } cxd5 { [%clk 0:09:32] } 9. O-O {
[%clk 0:08:13] } Nec6 { [%clk 0:09:27] } 10. Nc3 { [%clk 0:08:02] } Nxd4 {
[%clk 0:09:27] } 11. Qe5 { [%clk 0:07:49] } Nxe2+ { [%clk 0:09:24] } 12. Nfxe2
{ [%clk 0:07:44] } Be7 { [%clk 0:09:23] } 13. Qxh8+ { [%clk 0:07:43] } Kd7 {
[%clk 0:09:21] } 14. Qxh7 { [%clk 0:07:33] } Qe8 { [%clk 0:09:18] } 15. Qh6 {
[%clk 0:07:29] } Nc6 { [%clk 0:09:19] } 16. Nxb5 { [%clk 0:07:16] } Rb8 { [%clk
0:09:13] } 17. Bf4 { [%clk 0:07:06] } Rxb5 { [%clk 0:09:14] } 18. Rab1 { [%clk
0:06:46] } Ne5 { [%clk 0:09:10] } 19. Bxe5 { [%clk 0:06:37] } Kd8 { [%clk
0:09:10] } 20. Nd4 { [%clk 0:06:28] } Rc5 { [%clk 0:09:06] } 21. Rbc1 { [%clk
0:06:17] } Rc7 { [%clk 0:09:05] } 22. c4 { [%clk 0:06:07] } Rd7 { [%clk
0:09:02] } 23. cxd5 { [%clk 0:06:01] } exd5 { [%clk 0:09:03] } 24. Bc7+ { [%clk
0:06:00] } Rxc7 { [%clk 0:09:05] } 25. Nf5 { [%clk 0:05:42] } Rd7 { [%clk
0:09:00] } 26. Rfe1 { [%clk 0:05:38] } Bb7 { [%clk 0:08:40] } 27. Ng7 { [%clk
0:05:15] } Bf8 { [%clk 0:08:36] } 28. Rxe8# { [%clk 0:05:11] } 1-0

[Event "Королевский Гамбит. Южный Федеральный округ."]
[Date "2025-11-21"]
[Round "1.12"]
[Board "12"]
[White "Королева Лидия"]
[WhiteElo "1000"]
[Black "Панова Виктория"]
[BlackElo "961"]
[WebSite "https://www.chessopen.ru"]
[GameId "7f345d0a-74b5-45c7-afa4-174f8df3f198"]
[Result "1-0"]

1. f4 { [%clk 0:09:46] } e6 { [%clk 0:09:54] } 2. e4 { [%clk 0:09:45] } Qh4+ {
[%clk 0:09:53] } 3. g3 { [%clk 0:09:27] } Qh6 { [%clk 0:09:46] } 4. d3 { [%clk
0:09:19] } Bc5 { [%clk 0:09:43] } 5. Be3 { [%clk 0:09:16] } Bd6 { [%clk
0:09:42] } 6. Nh3 { [%clk 0:09:10] } Ne7 { [%clk 0:09:34] } 7. a3 { [%clk
0:09:00] } Nbc6 { [%clk 0:09:20] } 8. b4 { [%clk 0:08:57] } Qg6 { [%clk
0:08:47] } 9. Bc5 { [%clk 0:08:52] } O-O { [%clk 0:08:20] } 10. Bxd6 { [%clk
0:08:51] } cxd6 { [%clk 0:08:19] } 11. Ng5 { [%clk 0:08:48] } Qh6 { [%clk
0:08:13] } 12. Nf3 { [%clk 0:08:43] } b6 { [%clk 0:07:57] } 13. h4 { [%clk
0:08:13] } Bb7 { [%clk 0:07:39] } 14. Rh2 { [%clk 0:08:04] } Nd8 { [%clk
0:07:34] } 15. g4 { [%clk 0:08:04] } b5 { [%clk 0:07:30] } 16. g5 { [%clk
0:08:04] } Qg6 { [%clk 0:07:27] } 17. h5 { [%clk 0:08:03] } Qxe4+ { [%clk
0:05:59] } 18. dxe4 { [%clk 0:08:03] } Bxe4 { [%clk 0:05:48] } 19. Nbd2 { [%clk
0:07:37] } Bf5 { [%clk 0:05:29] } 20. Qe2 { [%clk 0:07:23] } Nd5 { [%clk
0:05:19] } 21. Qxb5 { [%clk 0:07:09] } Nxf4 { [%clk 0:04:13] } 22. Qxd7 { [%clk
0:06:38] } Nd3+ { [%clk 0:03:53] } 23. cxd3 { [%clk 0:06:12] } a5 { [%clk
0:03:51] } 24. bxa5 { [%clk 0:06:10] } Rxa5 { [%clk 0:03:48] } 25. Qxd6 { [%clk
0:06:07] } Nb7 { [%clk 0:03:45] } 26. Qb6 { [%clk 0:06:02] } Rd5 { [%clk
0:03:23] } 27. Qxb7 { [%clk 0:05:57] } Bg4 { [%clk 0:03:05] } 28. Bh3 { [%clk
0:05:40] } Bxh5 { [%clk 0:02:48] } 29. Bxe6 { [%clk 0:05:26] } fxe6 { [%clk
0:02:46] } 30. Rxh5 { [%clk 0:05:26] } Rxf3 { [%clk 0:02:43] } 31. Nxf3 { [%clk
0:05:25] } Re5+ { [%clk 0:02:41] } 32. Nxe5 { [%clk 0:05:17] } h6 { [%clk
0:02:30] } 33. Rxh6 { [%clk 0:05:08] } gxh6 { [%clk 0:02:30] } 34. gxh6 { [%clk
0:05:09] } Kh8 { [%clk 0:02:30] } 35. Rc1 { [%clk 0:05:08] } Kg8 { [%clk
0:02:30] } 36. Rc8# { [%clk 0:05:08] } 1-0

[Event "Королевский Гамбит. Южный Федеральный округ."]
[Date "2025-11-21"]
[Round "2.1"]
[Board "1"]
[White "Асламазян Богдан"]
[WhiteElo "990"]
[Black "Балакин Данил"]
[BlackElo "990"]
[WebSite "https://www.chessopen.ru"]
[GameId "0ca09381-35bd-4f67-8b10-24fdb2ef9b13"]
[Result "1-0"]

1. e4 { [%clk 0:09:59] } e5 { [%clk 0:09:59] } 2. Nf3 { [%clk 0:09:59] } Nc6 {
[%clk 0:09:57] } 3. Bb5 { [%clk 0:09:58] } d6 { [%clk 0:09:56] } 4. Bxc6+ {
[%clk 0:09:57] } bxc6 { [%clk 0:09:57] } 5. Nc3 { [%clk 0:09:56] } Nf6 { [%clk
0:09:57] } 6. O-O { [%clk 0:09:54] } Be7 { [%clk 0:09:55] } 7. h3 { [%clk
0:09:53] } O-O { [%clk 0:09:55] } 8. d4 { [%clk 0:09:48] } h6 { [%clk 0:09:52]
} 9. dxe5 { [%clk 0:09:43] } dxe5 { [%clk 0:09:52] } 10. Qxd8 { [%clk 0:09:41]
} Bxd8 { [%clk 0:09:51] } 11. Nxe5 { [%clk 0:09:41] } Be7 { [%clk 0:09:43] }
12. Nxc6 { [%clk 0:09:37] } Bb4 { [%clk 0:09:39] } 13. Bd2 { [%clk 0:09:33] }
Bb7 { [%clk 0:09:38] } 14. Nxb4 { [%clk 0:09:30] } Rad8 { [%clk 0:09:24] } 15.
Rad1 { [%clk 0:09:24] } Ba6 { [%clk 0:09:23] } 16. Rfe1 { [%clk 0:09:24] } Bc4
{ [%clk 0:09:17] } 17. b3 { [%clk 0:09:20] } Bb5 { [%clk 0:09:16] } 18. a4 {
[%clk 0:09:18] } Be8 { [%clk 0:09:14] } 19. Nbd5 { [%clk 0:09:17] } Nxd5 {
[%clk 0:09:13] } 20. exd5 { [%clk 0:09:18] } Bd7 { [%clk 0:09:06] } 21. Bf4 {
[%clk 0:09:14] } Bf5 { [%clk 0:09:04] } 22. Rd2 { [%clk 0:09:11] } Rc8 { [%clk
0:09:01] } 23. Bg3 { [%clk 0:09:00] } c6 { [%clk 0:08:58] } 24. d6 { [%clk
0:08:56] } Rcd8 { [%clk 0:08:40] } 25. Bh4 { [%clk 0:08:54] } Rd7 { [%clk
0:08:40] } 26. Be7 { [%clk 0:08:53] } Re8 { [%clk 0:08:35] } 27. g4 { [%clk
0:08:48] } Bg6 { [%clk 0:08:27] } 28. f4 { [%clk 0:08:45] } f5 { [%clk 0:08:21]
} 29. gxf5 { [%clk 0:08:39] } Bxf5 { [%clk 0:08:22] } 30. Kh2 { [%clk 0:08:36]
} g5 { [%clk 0:07:59] } 31. fxg5 { [%clk 0:08:28] } hxg5 { [%clk 0:07:58] } 32.
Re5 { [%clk 0:08:22] } Bh7 { [%clk 0:07:50] } 33. Ne4 { [%clk 0:08:20] } Kf7 {
[%clk 0:07:23] } 34. Nf6 { [%clk 0:08:16] } Rb8 { [%clk 0:07:03] } 35. Nxd7 {
[%clk 0:08:15] } Rb4 { [%clk 0:06:55] } 36. Nf6 { [%clk 0:08:09] } c5 { [%clk
0:06:27] } 37. Rxc5 { [%clk 0:08:01] } Ke6 { [%clk 0:06:25] } 38. Rcd5 { [%clk
0:07:57] } Be4 { [%clk 0:06:14] } 39. Rxg5 { [%clk 0:07:48] } Bh7 { [%clk
0:05:44] } 40. d7 { [%clk 0:07:50] } Kxe7 { [%clk 0:05:43] } 41. d8=Q+ { [%clk
0:07:44] } Kf7 { [%clk 0:05:43] } 42. Rd7+ { [%clk 0:07:39] } Ke6 { [%clk
0:05:40] } 43. Qe8+ { [%clk 0:07:38] } Kxf6 { [%clk 0:05:37] } 44. Re5 { [%clk
0:07:26] } Bg6 { [%clk 0:05:32] } 45. Qe6# { [%clk 0:07:20] } 1-0

[Event "Королевский Гамбит. Южный Федеральный округ."]
[Date "2025-11-21"]
[Round "2.1"]
[Board "1"]
[White "Витченко Денис"]
[WhiteElo "990"]
[Black "Мартиросянц Арман"]
[BlackElo "1010"]
[WebSite "https://www.chessopen.ru"]
[GameId "6975ea0b-7f68-47a7-8e57-0bf3c51aa7c4"]
[Result "0-1"]

1. e4 { [%clk 0:10:00] } e5 { [%clk 0:09:59] } 2. Nf3 { [%clk 0:10:01] } Nc6 {
[%clk 0:10:01] } 3. Nc3 { [%clk 0:10:02] } Nf6 { [%clk 0:10:02] } 4. Bc4 {
[%clk 0:10:02] } Nxe4 { [%clk 0:10:02] } 5. Nxe4 { [%clk 0:10:00] } d5 { [%clk
0:10:04] } 6. Bxd5 { [%clk 0:09:58] } Qxd5 { [%clk 0:10:05] } 7. d3 { [%clk
0:09:58] } Bf5 { [%clk 0:10:02] } 8. O-O { [%clk 0:09:56] } O-O-O { [%clk
0:10:02] } 9. h3 { [%clk 0:09:57] } Bxe4 { [%clk 0:10:03] } 10. dxe4 { [%clk
0:09:51] } Qxd1 { [%clk 0:10:04] } 11. Rxd1 { [%clk 0:09:52] } Rxd1+ { [%clk
0:10:04] } 12. Kh2 { [%clk 0:09:47] } Rd8 { [%clk 0:10:05] } 13. Ng5 { [%clk
0:09:39] } Rd7 { [%clk 0:09:59] } 14. Nxf7 { [%clk 0:09:34] } Rxf7 { [%clk
0:09:58] } 15. b4 { [%clk 0:09:28] } Nxb4 { [%clk 0:09:58] } 16. Ba3 { [%clk
0:09:20] } Nxc2 { [%clk 0:09:57] } 17. Bb2 { [%clk 0:09:13] } Nxa1 { [%clk
0:09:56] } 18. Bxa1 { [%clk 0:09:14] } Bd6 { [%clk 0:09:57] } 19. a4 { [%clk
0:09:08] } Rxf2 { [%clk 0:09:55] } 20. Bc3 { [%clk 0:09:05] } Rc2 { [%clk
0:09:53] } 21. Be1 { [%clk 0:09:03] } Rc4 { [%clk 0:09:54] } 22. Bh4 { [%clk
0:09:01] } Rxe4 { [%clk 0:09:54] } 23. g4 { [%clk 0:09:01] } Rxa4 { [%clk
0:09:54] } 24. Bg5 { [%clk 0:08:47] } e4+ { [%clk 0:09:53] } 25. Kg2 { [%clk
0:08:32] } h6 { [%clk 0:09:49] } 26. Bf4 { [%clk 0:08:29] } Bxf4 { [%clk
0:09:48] } 27. Kf2 { [%clk 0:08:21] } Ra2+ { [%clk 0:09:47] } 28. Ke1 { [%clk
0:08:22] } e3 { [%clk 0:09:44] } 29. Kf1 { [%clk 0:08:21] } e2+ { [%clk
0:09:44] } 30. Ke1 { [%clk 0:08:22] } Bg3# { [%clk 0:09:46] } 0-1

[Event "Королевский Гамбит. Южный Федеральный округ."]
[Date "2025-11-21"]
[Round "2.1"]
[Board "1"]
[White "Гончаров Константин"]
[WhiteElo "1010"]
[Black "Дегтярюк Станислав"]
[BlackElo "990"]
[WebSite "https://www.chessopen.ru"]
[GameId "f96b9007-1bb8-47ea-98ba-150066277813"]
[Result "1-0"]

1. e4 { [%clk 0:10:00] } e5 { [%clk 0:10:00] } 2. Nf3 { [%clk 0:10:00] } Nc6 {
[%clk 0:10:01] } 3. Nc3 { [%clk 0:10:01] } d6 { [%clk 0:09:59] } 4. h3 { [%clk
0:10:01] } Nf6 { [%clk 0:10:01] } 5. Bb5 { [%clk 0:10:01] } g6 { [%clk 0:09:59]
} 6. d3 { [%clk 0:10:01] } Bg7 { [%clk 0:10:01] } 7. Bg5 { [%clk 0:10:01] } O-O
{ [%clk 0:10:01] } 8. O-O { [%clk 0:10:02] } Nd4 { [%clk 0:10:01] } 9. Nxd4 {
[%clk 0:09:58] } exd4 { [%clk 0:10:02] } 10. Nd5 { [%clk 0:10:00] } c6 { [%clk
0:10:02] } 11. Nxf6+ { [%clk 0:09:57] } Bxf6 { [%clk 0:10:02] } 12. Bxf6 {
[%clk 0:09:58] } Qxf6 { [%clk 0:10:03] } 13. Bc4 { [%clk 0:09:59] } b5 { [%clk
0:10:03] } 14. Bb3 { [%clk 0:09:59] } a5 { [%clk 0:10:03] } 15. a3 { [%clk
0:10:00] } a4 { [%clk 0:10:05] } 16. Ba2 { [%clk 0:10:01] } Qg5 { [%clk
0:09:59] } 17. f4 { [%clk 0:09:54] } Qf6 { [%clk 0:09:54] } 18. Qf3 { [%clk
0:09:53] } Be6 { [%clk 0:09:48] } 19. Bxe6 { [%clk 0:09:46] } fxe6 { [%clk
0:09:47] } 20. g4 { [%clk 0:09:36] } e5 { [%clk 0:09:43] } 21. f5 { [%clk
0:09:37] } gxf5 { [%clk 0:09:43] } 22. gxf5 { [%clk 0:09:37] } Qg5+ { [%clk
0:09:45] } 23. Kh1 { [%clk 0:09:35] } Kh8 { [%clk 0:09:44] } 24. Rg1 { [%clk
0:09:32] } Qf6 { [%clk 0:09:39] } 25. Rg3 { [%clk 0:09:18] } Rg8 { [%clk
0:09:33] } 26. Rag1 { [%clk 0:09:17] } Rg4 { [%clk 0:09:27] } 27. Qxg4 { [%clk
0:09:13] } Qf7 { [%clk 0:09:23] } 28. f6 { [%clk 0:08:59] } d5 { [%clk 0:09:21]
} 29. Qg7+ { [%clk 0:08:46] } Qxg7 { [%clk 0:09:13] } 30. Rxg7 { [%clk 0:08:41]
} h5 { [%clk 0:09:12] } 31. f7 { [%clk 0:08:38] } Rf8 { [%clk 0:09:05] } 32.
Rg8+ { [%clk 0:08:32] } Rxg8 { [%clk 0:09:05] } 33. fxg8=Q# { [%clk 0:08:32] }
1-0

[Event "Королевский Гамбит. Южный Федеральный округ."]
[Date "2025-11-21"]
[Round "2.1"]
[Board "1"]
[White "Игнатьев Матвей"]
[WhiteElo "990"]
[Black "Шалай Мирослав"]
[BlackElo "1020"]
[WebSite "https://www.chessopen.ru"]
[GameId "c68cdf1d-b36e-427f-b200-f0f4f4b84ce3"]
[Result "0-1"]

1. e3 { [%clk 0:10:00] } d5 { [%clk 0:09:57] } 2. Qh5 { [%clk 0:09:52] } Nf6 {
[%clk 0:09:51] } 3. Qf5 { [%clk 0:09:43] } Bxf5 { [%clk 0:09:50] } 4. Bb5+ {
[%clk 0:09:39] } Nbd7 { [%clk 0:09:48] } 5. Nf3 { [%clk 0:09:32] } a6 { [%clk
0:09:47] } 6. Bxd7+ { [%clk 0:09:30] } Qxd7 { [%clk 0:09:48] } 7. Ng5 { [%clk
0:09:30] } e5 { [%clk 0:09:44] } 8. d4 { [%clk 0:09:19] } exd4 { [%clk 0:09:43]
} 9. exd4 { [%clk 0:09:12] } Qe7+ { [%clk 0:09:42] } 10. Be3 { [%clk 0:09:11] }
Ng4 { [%clk 0:09:41] } 11. O-O { [%clk 0:09:04] } Nxe3 { [%clk 0:09:18] } 12.
Nc3 { [%clk 0:08:51] } Nxf1 { [%clk 0:09:16] } 13. Nxd5 { [%clk 0:08:51] } Qxg5
{ [%clk 0:09:14] } 14. Nxc7+ { [%clk 0:08:50] } Kd8 { [%clk 0:09:16] } 15. Nxa8
{ [%clk 0:08:51] } Nd2 { [%clk 0:09:12] } 16. Re1 { [%clk 0:08:23] } Bh3 {
[%clk 0:09:10] } 17. g3 { [%clk 0:08:14] } Nf3+ { [%clk 0:09:08] } 18. Kh1 {
[%clk 0:08:05] } Nxe1 { [%clk 0:08:59] } 19. Nb6 { [%clk 0:08:03] } Nxc2 {
[%clk 0:08:57] } 20. b3 { [%clk 0:07:50] } Qc1# { [%clk 0:08:57] } 0-1

[Event "Королевский Гамбит. Южный Федеральный округ."]
[Date "2025-11-21"]
[Round "2.1"]
[Board "1"]
[White "Кобызев Ярослав"]
[WhiteElo "990"]
[Black "Зиновьев Владислав"]
[BlackElo "990"]
[WebSite "https://www.chessopen.ru"]
[GameId "a9928cb3-fcda-4d07-9ccd-ea7f18d66d12"]
[Result "0-1"]

1. e3 { [%clk 0:10:01] } e5 { [%clk 0:10:01] } 2. e4 { [%clk 0:10:01] } Nf6 {
[%clk 0:10:01] } 3. Nc3 { [%clk 0:10:01] } Bc5 { [%clk 0:09:59] } 4. Nf3 {
[%clk 0:10:00] } d6 { [%clk 0:10:00] } 5. Bc4 { [%clk 0:09:57] } Nc6 { [%clk
0:09:56] } 6. O-O { [%clk 0:09:55] } Bg4 { [%clk 0:09:57] } 7. h3 { [%clk
0:09:53] } Bh5 { [%clk 0:09:58] } 8. Ng5 { [%clk 0:09:49] } Bxd1 { [%clk
0:09:52] } 9. Re1 { [%clk 0:09:47] } O-O { [%clk 0:09:51] } 10. Nxd1 { [%clk
0:09:46] } h6 { [%clk 0:09:50] } 11. Ne6 { [%clk 0:09:40] } fxe6 { [%clk
0:09:48] } 12. Bxe6+ { [%clk 0:09:35] } Kh8 { [%clk 0:09:48] } 13. Nc3 { [%clk
0:09:21] } Qe7 { [%clk 0:09:46] } 14. Nd5 { [%clk 0:08:55] } Nxd5 { [%clk
0:09:45] } 15. exd5 { [%clk 0:08:55] } Bxf2+ { [%clk 0:09:44] } 16. Kf1 { [%clk
0:08:29] } Nd4 { [%clk 0:09:38] } 17. c3 { [%clk 0:08:27] } Be3+ { [%clk
0:09:36] } 18. Bf5 { [%clk 0:07:32] } Rxf5# { [%clk 0:09:36] } 0-1

[Event "Королевский Гамбит. Южный Федеральный округ."]
[Date "2025-11-21"]
[Round "2.1"]
[Board "1"]
[White "Левченко Владимир"]
[WhiteElo "1010"]
[Black "Твердов Ратмир"]
[BlackElo "1010"]
[WebSite "https://www.chessopen.ru"]
[GameId "bedd57ae-25b6-4b06-82d3-40c3df9e50e2"]
[Result "0-1"]

1. e4 { [%clk 0:09:57] } e5 { [%clk 0:10:00] } 2. Nf3 { [%clk 0:09:54] } Nc6 {
[%clk 0:10:01] } 3. Bc4 { [%clk 0:09:53] } Bc5 { [%clk 0:09:50] } 4. d3 { [%clk
0:09:49] } h6 { [%clk 0:09:37] } 5. h3 { [%clk 0:09:46] } Nf6 { [%clk 0:09:39]
} 6. O-O { [%clk 0:09:44] } d6 { [%clk 0:09:34] } 7. Qe1 { [%clk 0:09:37] } O-O
{ [%clk 0:09:29] } 8. Be3 { [%clk 0:09:34] } a5 { [%clk 0:09:15] } 9. Bxc5 {
[%clk 0:09:32] } dxc5 { [%clk 0:09:11] } 10. Nc3 { [%clk 0:09:28] } a4 { [%clk
0:09:07] } 11. a3 { [%clk 0:09:22] } Qd6 { [%clk 0:08:58] } 12. Bd5 { [%clk
0:09:14] } Nxd5 { [%clk 0:08:54] } 13. exd5 { [%clk 0:08:59] } Nd4 { [%clk
0:08:45] } 14. Nxd4 { [%clk 0:08:54] } exd4 { [%clk 0:08:26] } 15. Nb5 { [%clk
0:08:46] } Qd7 { [%clk 0:08:24] } 16. c4 { [%clk 0:08:39] } c6 { [%clk 0:08:21]
} 17. Nxd4 { [%clk 0:08:19] } cxd4 { [%clk 0:08:08] } 18. dxc6 { [%clk 0:08:17]
} bxc6 { [%clk 0:07:52] } 19. Qe4 { [%clk 0:08:04] } Re8 { [%clk 0:07:50] } 20.
Qf3 { [%clk 0:07:58] } Bb7 { [%clk 0:07:49] } 21. Rfe1 { [%clk 0:07:50] } c5 {
[%clk 0:07:50] } 22. Rxe8+ { [%clk 0:07:35] } Rxe8 { [%clk 0:07:36] } 23. Qe2 {
[%clk 0:07:06] } Rxe2 { [%clk 0:07:33] } 24. Kf1 { [%clk 0:07:00] } Rxb2 {
[%clk 0:07:11] } 25. Re1 { [%clk 0:06:28] } Qc6 { [%clk 0:07:08] } 26. f3 {
[%clk 0:06:07] } Qg6 { [%clk 0:07:07] } 27. Re2 { [%clk 0:06:01] } Qxd3 { [%clk
0:07:02] } 28. Kg1 { [%clk 0:05:55] } Qxe2 { [%clk 0:07:05] } 29. Kh2 { [%clk
0:05:55] } Qxg2# { [%clk 0:06:46] } 0-1